00463nam a22001697a 4500003001100000005001700011008004100028020001500069040003900084041000800123082001300131100002000144245003500164260003600199300002700235650003100262LK-CoMWRAF20231014225601.0231014b1997 |||||||| |||| 00| 0 eng d a9559552910 aLK-CoMWRAFdLK-CoMWRAFeLK-CoMWRAF aeng a823bKUL aKulatunga, Sita aThe High chair and cancer days a Colombo : bPasad Books,c1997 a [viii], 131p. ; 21 cm aEnglish Fiction--Sri Lanka